000 00661nam a2200253 a 4500
001 000107974
003 CHAP
005 20220329143951.0
008 131125s2005 mx | |r| |||1|||spa|d
010 _a104436
011 _a105408
020 _a9789687420219
040 _cCHAP
082 0 4 _a327.1
_bK37
100 1 _aKeohane, Robert O.
_9124741
245 1 0 _aInterdependencia, cooperación y globalismo /
_cpor Robert O. Keohane.
260 3 _aMéxico, D.F. :
_bCIDE,
_c2005.
300 _a502 p.
590 _aE792CSJ
_b05
_c20131125
_lUCH01
_h1007
650 1 4 _aRelaciones internacionales.
_995822
901 _aBK
942 _cLIBRO
942 _n0
999 _c104436
_d104436